1002 1545 1411 1190 1963 1954 1966 1319 1857 1377 1042 1491 1445 1778 1692 1872 1200 1142 1094 1885 1087 1927 1349 1264 1160 1348 1987 1319 1893 1191 1013 1280 1479 1826 1755 1630 1548 1895 1801 1102 1801 1164 1289 1219 1581 1768 1474 1809 1470 1526 1344 1066 1712 1789 1119 1475 1342 1708 1123 1814 1338 1299 1629 1765 1743 1323 1447 1980 1349 1673 1660 1389 1787 1633 1023 1614 1027 1173 1020 1755 1229 1851 1466 1837 1599 1285 1657 1260 1770 1354 1340 1153 1881 1023 1265 1666 1856 1171 1346 BCNSPRNW ULIB Ver.6.0+V

เปลี่ยนเป็นภาษาไทย

Change to English
 แสดงรายละเอียดบรรณานุกรม
  กลับหน้าหลัก

Brief Record : Get Marc (ISO 2709) : E-mail record : QR code < ปิดหน้าต่าง
LEADER : 00000nam 2200000uu 4500
001    13399110287
003     ULIB
008    110427s2548||||th 000 0 tha d
020    9742933634
060  4 WM172^bส715ว 2544
110 1  กระทรวงสาธารณสุข.^bกรมสุขภาพจิต
245 00 วิธีปฏิบัติเพื่อช่วยคลายเคลียดในการทำงาน/^cอินทิรา ปัทมินทร,บรรณาธิการ
260    นนทบุรี :^bกรมสุขภาพจิต กระทรวงสาธารณสุข,^c2548
300    51 หน้า :^bภาพประกอบสี
650  7 คลายเครียด
700 0  อินทิรา ปัทมินทร,^eบรรณาธิการ
945    ^p0^l0^i020686
945    ^p0^l0^i013403
945    ^p0^l0^i013404
945    ^p0^l0^i013402
995    ทศพร
999 ^a ใช้งานได้ทุกระบบ
รายการนี้ยังไม่มีแท็ก
คุณยังไม่ได้ล็อกอิน คุณสามารถมีกิจกรรมร่วมกับเว็บไซต์ได้ แต่ต้องล็อกอินก่อน ::
  ล็อกอิน

รายการสื่อสารสนเทศ

ลำดับที่ ประเภท เลขเรียก/บาร์โค้ด สถานที่ สถานะ
- ไม่พบข้อมูล -

รายการใกล้เคียง
    หัวเรื่อง [คลายเครียด]

BibComment


ยังไม่เคยถูกคอมเมนท์

คอมเมนท์ทรัพยากรรายการนี้
  คอมเมนท์: วิธีปฏิบัติเพื่อช..


 Copyright 2026. Bcnsprnw @Library